000 00386nam a22001457a 4500
003 OSt
005 20251014123521.0
008 251014b |||||||| |||| 00| 0 eng d
020 _a996622694X
040 _cTH JOMO KENYATTA FOUNDATION
050 _aPL 8704 .O43 2012
245 _aMAFAMBA
_cOLALI TOM
260 _aNAIROBI, KENYA
_bTHE JOMMO KENYATTA FOUNDATION
_c2008
942 _2lcc
_cBK
_n0
999 _c9609
_d9609